Представление документа в формате RUSMARC

ПолеНазваниеЗначение
  Тип записи a
  Библиографический уровень m
001 Контрольный номер UONB/MAIN/a5c5cc98ce974353ac986a0ca04e956b
005 Дата корректировки 20260414144251.8
100 Данные общей обработки __
a Данные общей обработки 20260414d1903 u y0rusy0189 ca
101 Язык документа 1_
a Язык текста rus
c Язык оригинала eng
102 Страна публикации __
a Страна публикации RU
105 Кодированные данные (монография) __
a Кодированные данные (монография) y z 000yy
200 Заглавие и сведения об ответственности 1_
a Заглавие Сочинения Эмерсона
e Сведения, относящиеся к заглавию (с английского)
e Сведения, относящиеся к заглавию с критическим очерком об Эмерсоне и его портретом
f Первые сведения об ответственности Р. У. Эмерсон
203 Вид содержания и тип средства __
a Вид содержания Текст
b Характеристика содержания визуальный
c Тип средства непосредственный
210 Выходные данные 1_
a Место издания Санкт-Петербург
c Издательство ред. "Нового журнала иностранной литературы"
d Дата издания 1902-1903
215 Физическое описание __
d Формат 24 см
300 Общие примечания __
a Общие примечания Отт. из "Нового журнала иностранной лититературы, искусства и науки". 1901, № 2-11; 1902, № 4-12
700 Автор _1
a Фамилия Эмерсон
b Имя (инициалы) Р. У.
g Полное личное имя Ральф Уолдо
f Даты 1803-1882
801 Источник записи _0
a Страна RU
b Организация Ульяновская ОНБ
c Дата составления 20260414
g Правила каталогизации RCR
801 Источник записи _1
a Страна RU
b Организация Ульяновская ОНБ
c Дата составления 20260414
g Правила каталогизации RCR
901 Тип документа __
t Тип документа v
909 Создатель записи __
a Создатель записи Моргунова
b Дата создания записи 20260414